000 00404nam a2200133Ia 4500
008 220217s9999||||xx |||||||||||||| ||und||
020 _a81-7366-668-7
082 _a005.13 BUR
100 _aBurke, Eric, M and Coyner, Brain, M
_95512
245 0 _aJava extreme programming cookbook
260 _aShroff publishers and distributers
_bMumbai
_c2003
300 _b225
650 _aPROGRAMMING LANGUAGE
999 _c176514
_d176514